00281nam a2200109Ia 4500008004100000082001500041100001800056245005000074260002300124300000800147650001600155191201s2004 xx 000 0 und d a006.3bCOE aCOHEN, Paul R 0aEmpirical Methods for Artificial Intelligence aN.DelhibPHIc2004 a405 aB.Tech(CSE)